|
|
|
|
| LEADER |
00000cam a2200000 7i4500 |
| 001 |
0000002277 |
| 005 |
20030423.0 |
| 020 |
0 |
0 |
|a 0859541894
|
| 090 |
0 |
0 |
|a 634.973766
|b PAL 1984
|
| 100 |
1 |
0 |
|a PALMER
|h E. R.
|
| 245 |
1 |
0 |
|a Pulping characteristics of eucalyptus saligna/grandis growing in Uganda
|c E. R. Palmer and J. A. Gibbs
|
| 260 |
0 |
0 |
|a London :
|b Tropical Development and Research Institute ,
|c 1984
|
| 300 |
|
|
|a 13 p. ;
|c 30 cm.
|
| 440 |
0 |
0 |
|a Tropical Development and Research Institute; L68
|
| 650 |
0 |
0 |
|a Eucalyptus grandis
|z Uganda
|
| 650 |
0 |
0 |
|a Eucalyptus saligna
|z Uganda
|
| 650 |
0 |
0 |
|a Pulpwood
|z Uganda
|
| 700 |
0 |
1 |
|a Gibbs
|h J. A. ,
|d (John Albert) ,
|c 1940-
|
| 998 |
|
|
|a JPSM
|
| 999 |
|
|
|a 0000003173
|b Monograph
|c Open Shelf
|e Default branch
|